Sports Quiz

Random Sports or Auto Racing Quiz

Daytona 500 Top 5 Finishers Quiz Stats

 Plays Quiz Updated Feb 17, 2020

     
Support Sporcle.
Go Orange.
Score 0/250 Timer 12:00
4 Plays Today
% Correct
8 - Dale Earnhardt Jr.
94.6%
88 - Dale Earnhardt Jr.
94.6%
8 - Dale Earnhardt Jr.
94.6%
8 - Dale Earnhardt Jr.
94.6%
88 - Dale Earnhardt Jr.
94.5%
88 - Dale Earnhardt Jr.
94.5%
88 - Dale Earnhardt Jr.
94.4%
3 - Dale Earnhardt
94.2%
3 - Dale Earnhardt
94.2%
3 - Dale Earnhardt
94.2%
3 - Dale Earnhardt
94.2%
3 - Dale Earnhardt
94.2%
3 - Dale Earnhardt
94.2%
3 - Dale Earnhardt
94.2%
3 - Dale Earnhardt
94.2%
3 - Dale Earnhardt
94.2%
3 - Dale Earnhardt
94.2%
2 - Dale Earnhardt
94.2%
2 - Dale Earnhardt
94.2%
88 - Dale Earnhardt Jr.
94%
48 - Jimmie Johnson
92%
48 - Jimmie Johnson
92%
48 - Jimmie Johnson
92%
48 - Jimmie Johnson
92%
48 - Jimmie Johnson
91.9%
48 - Jimmie Johnson
91.8%
48 - Jimmie Johnson
91.5%
24 - Jeff Gordon
91.1%
24 - Jeff Gordon
91%
24 - Jeff Gordon
91%
24 - Jeff Gordon
91%
24 - Jeff Gordon
91%
24 - Jeff Gordon
90.8%
18 - Kyle Busch
89.5%
11 - Denny Hamlin
87.6%
11 - Denny Hamlin
87%
43 - Richard Petty
86.6%
43 - Richard Petty
86.6%
43 - Richard Petty
86.6%
43 - Richard Petty
86.6%
43 - Richard Petty
86.6%
43 - Richard Petty
86.6%
41 - Kurt Busch
86.1%
9 - Chase Elliott
86.1%
11 - Denny Hamlin
84.8%
4 - Kevin Harvick
84.7%
4 - Kevin Harvick
84.5%
18 - Kyle Busch
82%
11 - Denny Hamlin
81.4%
2 - Kurt Busch
80.9%
97 - Kurt Busch
80.9%
97 - Kurt Busch
80.9%
18 - Kyle Busch
80.9%
97 - Kurt Busch
80.9%
22 - Kurt Busch
80.9%
43 - Darrell Wallace, Jr.
80.5%
22 - Joey Logano
80.5%
20 - Tony Stewart
79%
20 - Tony Stewart
79%
20 - Tony Stewart
79%
22 - Joey Logano
78.3%
34 - Michael McDowell
77.5%
15 - Michael Waltrip
77.4%
15 - Michael Waltrip
77.4%
15 - Michael Waltrip
77.4%
7 - Michael Waltrip
77.4%
17 - Darrell Waltrip
77.2%
88 - Darrell Waltrip
77.2%
11 - Darrell Waltrip
77.2%
11 - Darrell Waltrip
77.2%
11 - Darrell Waltrip
77.2%
3 - Austin Dillon
75.4%
4 - Kevin Harvick
73.9%
4 - Kevin Harvick
73.7%
29 - Kevin Harvick
73.3%
29 - Kevin Harvick
73.3%
29 - Kevin Harvick
73.3%
29 - Kevin Harvick
73.3%
11 - Denny Hamlin
72.6%
01 - Mark Martin
71.5%
6 - Mark Martin
71.5%
6 - Mark Martin
71.5%
6 - Mark Martin
71.5%
6 - Mark Martin
71.5%
% Correct
3 - Austin Dillon
71.3%
55 - Mark Martin
70.9%
2 - Rusty Wallace
70.8%
2 - Rusty Wallace
70.8%
2 - Rusty Wallace
70.8%
09 - Mike Wallace
70.1%
22 - Joey Logano
69.8%
12 - Ryan Blaney
69.5%
11 - Denny Hamlin
69.3%
17 - Matt Kenseth
68.9%
17 - Matt Kenseth
68.6%
12 - Bobby Allison
66.6%
88 - Bobby Allison
66.6%
15 - Bobby Allison
66.6%
28 - Bobby Allison
66.6%
15 - Bobby Allison
66.6%
16 - Bobby Allison
66.6%
88 - Dale Jarrett
66.6%
88 - Dale Jarrett
66.6%
18 - Dale Jarrett
66.6%
28 - Dale Jarrett
66.6%
28 - Davey Allison
66.5%
28 - Davey Allison
66.5%
9 - Bill Elliott
66.5%
9 - Bill Elliott
66.5%
9 - Bill Elliott
66.5%
94 - Bill Elliott
66.5%
9 - Bill Elliott
66.5%
94 - Bill Elliott
66.5%
9 - Bill Elliott
66.5%
9 - Bill Elliott
66.5%
9 - Bill Elliott
66.5%
18 - Bobby Labonte
66.4%
47 - Bobby Labonte
66.4%
5 - Terry Labonte
66.3%
1 - Terry Labonte
66.3%
44 - Terry Labonte
66.3%
5 - Terry Labonte
66.3%
44 - Terry Labonte
66.3%
11 - Terry Labonte
66.3%
1 - Donnie Allison
66.1%
11 - Denny Hamlin
66.1%
11 - Denny Hamlin
65.9%
78 - Martin Truex Jr.
65.3%
28 - Cale Yarborough
65.2%
28 - Cale Yarborough
65.2%
11 - Cale Yarborough
65.2%
27 - Cale Yarborough
65.2%
11 - Cale Yarborough
65.2%
11 - Cale Yarborough
65.2%
11 - Cale Yarborough
65.2%
11 - Cale Yarborough
65.2%
19 - Carl Edwards
63.3%
12 - Ryan Newman
63.2%
12 - Ryan Newman
63.2%
20 - Erik Jones
62.5%
99 - Carl Edwards
62.4%
39 - Ryan Newman
62.4%
4 - Sterling Marlin
59.7%
4 - Sterling Marlin
59.7%
22 - Sterling Marlin
59.7%
4 - Sterling Marlin
59.7%
14 - Coo Coo Marlin
58.7%
14 - Coo Coo Marlin
58.7%
21 - Ryan Blaney
57.9%
21 - Trevor Bayne
57.1%
22 - Ward Burton
56.9%
99 - Jeff Burton
56.8%
99 - Jeff Burton
56.8%
31 - Jeff Burton
56.8%
31 - Jeff Burton
56.4%
2 - Brad Keselowski
56%
2 - Brad Keselowski
55.9%
1 - Jamie McMurray
54.8%
21 - David Pearson
51.8%
21 - David Pearson
51.8%
36 - David Ragan
50.9%
34 - Michael McDowell
50.8%
16 - Greg Biffle
48.9%
16 - Greg Biffle
48.6%
10 - Derrike Cope
46.9%
5 - Geoff Bodine
45.6%
09 - Geoff Bodine
45.6%
5 - Geoff Bodine
45.6%
% Correct
15 - Geoff Bodine
45.6%
15 - Geoff Bodine
45.6%
21 - A.J. Foyt
44.7%
51 - A.J. Foyt
44.7%
50 - A.J. Foyt
44.7%
50 - A.J. Foyt
44.7%
43 - Aric Almirola
44.5%
88 - Ricky Rudd
44.1%
28 - Ricky Rudd
44.1%
5 - Ricky Rudd
44.1%
15 - Ricky Rudd
44.1%
33 - Clint Bowyer
43.8%
33 - Clint Bowyer
43.8%
28 - Buddy Baker
43.7%
21 - Buddy Baker
43.7%
15 - Buddy Baker
43.7%
88 - Buddy Baker
43.7%
88 - Buddy Baker
43.7%
1 - Buddy Baker
43.7%
72 - Benny Parsons
43.6%
35 - Benny Parsons
43.6%
72 - Benny Parsons
43.6%
72 - Benny Parsons
43.6%
72 - Benny Parsons
43.6%
72 - Benny Parsons
43.6%
55 - Benny Parsons
43.6%
27 - Benny Parsons
43.6%
55 - Phil Parsons
43.1%
55 - Phil Parsons
43.1%
4 - Ernie Irvan
43%
28 - Ernie Irvan
43%
47 - AJ Allmendinger
42.7%
17 - Chris Buescher
42.5%
42 - Casey Mears
40.4%
27 - Paul Menard
39.3%
7 - Alan Kulwicki
38.6%
21 - Elliott Sadler
37.8%
38 - Elliott Sadler
37.8%
19 - Elliott Sadler
37.8%
37 - Chris Buescher
37.5%
25 - Ken Schrader
36.9%
25 - Ken Schrader
36.9%
33 - Ken Schrader
36.9%
6 - David Ragan
35.9%
12 - Jeremy Mayfield
35.3%
25 - Ricky Craven
33.4%
43 - A.J. Allmendinger
33.3%
75 - Dick Trickle
30.1%
34 - David Gilliland
28.7%
21 - Morgan Shepherd
27.8%
21 - Morgan Shepherd
27.8%
21 - Neil Bonnett
27.2%
75 - Neil Bonnett
27.2%
12 - Neil Bonnett
27.2%
12 - Neil Bonnett
27.2%
28 - Kenny Irwin Jr.
26.8%
75 - Lake Speed
26.6%
31 - Mike Skinner
26%
00 - David Reutimann
22.9%
41 - Reed Sorenson
22.8%
1 - Rick Mast
22.2%
8 - Bobby Hillin Jr.
21.7%
15 - Bobby Isaac
21%
10 - Scott Riggs
20.5%
22 - Scott Wimmer
19.7%
16 - Ted Musgrave
18.6%
27 - Hut Stricklin
17%
75 - Joe Ruttman
14.6%
2 - Joe Ruttman
14.6%
98 - Joe Ruttman
14.6%
48 - James Hylton
14.5%
6 - Dick Brooks
14.4%
90 - Dick Brooks
14.4%
90 - Dick Brooks
14.4%
90 - Dick Brooks
14.4%
6 - Charlie Glotzbach
13.3%
54 - Lennie Pond
13%
83 - Ramo Stott
11.8%
83 - Ramo Stott
11.8%
04 - Hershel McGriff
11.3%
31 - Jim Vandiver
10.7%
53 - Ron Hutcherson
9.2%

From the Vault

Complete the Album Title... With a Picture

by Noldeh

Music 5m
Some of these should've been the actual album covers!
Remove Ads.
Support Sporcle.
Get the best of Sporcle when you Go Orange. This ad-free experience offers more features, more stats, and more fun while also helping to support Sporcle. Thank you for becoming a member.

Show Comments

Extras

Top Quizzes Today


Score Distribution

Your Account Isn't Verified!

In order to create a playlist on Sporcle, you need to verify the email address you used during registration. Go to your Sporcle Settings to finish the process.

Report this User

Report this user for behavior that violates our Community Guidelines.

Details: